Statistics for Click the Country by its Borders

Click here to take the quiz!

General Stats

  • This quiz has been taken 227 times
  • The average score is 19 of 20

Answer Stats

HintAnswer% Correct
IrelandUnited Kingdom
99%
SpainPortugal
98%
India, MyanmarBangladesh
96%
Norway, Russia, SwedenFinland
96%
Austria, Belgium, Czechia, Denmark, France, Luxembourg, Netherlands, Poland, SwitzerlandGermany
96%
Belize, Guatemala, United StatesMexico
96%
China, Russia, South KoreaNorth Korea
96%
Oman, Saudi ArabiaYemen
96%
El Salvador, Guatemala, NicaraguaHonduras
95%
South AfricaLesotho
95%
Bolivia, Brazil, Chile, Paraguay, UruguayArgentina
94%
Latvia, Lithuania, Poland, Russia, UkraineBelarus
93%
Croatia, Montenegro, SerbiaBosnia and Herzegovina
93%
Djibouti, Ethiopia, SudanEritrea
92%
Albania, Bulgaria, North Macedonia, TurkeyGreece
92%
Algeria, Chad, Egypt, Niger, Sudan, TunisiaLibya
91%
Mozambique, Tanzania, ZambiaMalawi
91%
Cameroon, Equatorial Guinea, Republic of the CongoGabon
89%
Benin, Burkina Faso, GhanaTogo
86%
Bolivia, Brazil, Chile, Colombia, EcuadorPeru
78%

Score Distribution

Percentile by Number Answered

Percent of People with Each Score

Your Score History

You have not taken this quiz